[Event "Campionatul National de sah al Romaniei"]
[Site "Baile Felix"]
[Date "2017.02.06"]
[Round "6.5"]
[White "Fileru, Maria"]
[Black "Pap, Blanca-Maria"]
[Result "1-0"]
[WhiteElo "1314"]
[BlackElo "1072"]
[PlyCount "67"]
[EventDate "2017.02.02"]
[EventRounds "9"]

1. d4 f5 2. Nc3 e6 3. e4 Bb4 4. e5 d6 5. f4 b6 6. Nf3 Bb7 7. Be2 Nd7 8. O-O Qb8
9. Na4 b5 10. Bxb5 a6 11. Bxd7+ Kxd7 12. a3 Ba5 13. b4 Bb6 14. exd6 cxd6 15.
Nxb6+ Kc7 16. Nxa8+ Qxa8 17. c4 Nf6 18. c5 Rd8 19. cxd6+ Rxd6 20. Qc2+ Kb8 21.
Bb2 Be4 22. Qc5 Rc6 23. Qf8+ Rc8 24. Qd6+ Kb7 25. Rac1 Bd5 26. Qe7+ Kb6 27.
Rxc8 Qxc8 28. Qc5+ Qxc5 29. dxc5+ Kc6 30. Bxf6 gxf6 31. Nd4+ Kb7 32. Re1 h6 33.
Nxe6 Bxe6 34. Rxe6 1-0

[Event "Campionatul National de sah al Romaniei"]
[Site "Baile Felix"]
[Date "2017.02.05"]
[Round "5.7"]
[White "Celea, Andreea-Alina"]
[Black "Fileru, Maria"]
[Result "0-1"]
[WhiteElo "1008"]
[BlackElo "1314"]
[PlyCount "94"]
[EventDate "2017.02.02"]
[EventRounds "9"]

1. e4 e5 2. d4 exd4 3. c3 d5 4. cxd4 dxe4 5. Nc3 Nf6 6. Bc4 c6 7. Bg5 Bf5 8.
Nge2 Be7 9. O-O O-O 10. h3 Nh5 11. Bxe7 Qxe7 12. g4 e3 13. gxf5 Qh4 14. Kh2
exf2 15. Qb3 b5 16. Bd3 Nd7 17. Nd1 Nf4 18. Nxf2 Nxe2 19. Bxe2 Qxd4 20. Rad1
Qe5+ 21. Kg1 Nc5 22. Qc2 Na4 23. Rde1 Qxb2 24. Qxb2 Nxb2 25. Bf3 Rac8 26. Bg4
Rc7 27. Kh2 c5 28. Re2 Na4 29. Rfe1 h6 30. Bf3 c4 31. Be4 b4 32. Bc2 Nc3 33.
Re3 Nxa2 34. Re8 b3 35. Bb1 Nc3 36. Rxf8+ Kxf8 37. Be4 Nxe4 38. Nxe4 c3 39. Nd6
Re7 40. Rc1 Re2+ 41. Kg3 b2 42. Rxc3 b1=Q 43. Rc8+ Ke7 44. Nc4 Qd3+ 45. Kg4
Qe4+ 46. Kh5 Qf3+ 47. Kh4 Re4# 0-1

[Event "Campionatul National de sah al Romaniei"]
[Site "Baile Felix"]
[Date "2017.02.05"]
[Round "4.5"]
[White "Fileru, Maria"]
[Black "Boureanu, Bianca-Alina"]
[Result "1/2-1/2"]
[WhiteElo "1314"]
[BlackElo "1080"]
[PlyCount "78"]
[EventDate "2017.02.02"]
[EventRounds "9"]

1. d4 d5 2. c4 c6 3. Nc3 dxc4 4. Nf3 Nd7 5. e4 b5 6. a4 b4 7. Na2 Ngf6 8. e5
Nd5 9. Bxc4 e6 10. O-O Be7 11. Bd2 a5 12. Qe2 Bb7 13. b3 O-O 14. Bd3 c5 15.
dxc5 Nxc5 16. Bc2 Ba6 17. Qd1 Bxf1 18. Qxf1 Rc8 19. Nd4 Bg5 20. Qe2 Bxd2 21.
Qxd2 h6 22. Rf1 Qd7 23. Nb5 Rfd8 24. Nd6 f5 25. Nc1 Nc3 26. Qe3 Nd5 27. Qg3
Nxa4 28. Nxc8 Rxc8 29. Bxf5 exf5 30. bxa4 Qxa4 31. Qf3 Qd7 32. Rd1 Rc5 33. Ne2
Qe6 34. Nd4 Qxe5 35. Nxf5 Nc3 36. Rd8+ Kh7 37. Ne3 Nd5 38. Rxd5 Rc1+ 39. Rd1
Rxd1+ 1/2-1/2

[Event "Campionatul National de sah al Romaniei"]
[Site "Baile Felix"]
[Date "2017.02.04"]
[Round "3.8"]
[White "Criveanu, Maria"]
[Black "Fileru, Maria"]
[Result "0-1"]
[WhiteElo "1214"]
[BlackElo "1314"]
[PlyCount "84"]
[EventDate "2017.02.02"]
[EventRounds "9"]

1. e4 e5 2. Nf3 Nc6 3. Bc4 Bc5 4. c3 Nf6 5. d3 d6 6. O-O O-O 7. a4 a6 8. b4 Ba7
9. Na3 Bg4 10. Nc2 h6 11. Be3 Ne7 12. Bxa7 Rxa7 13. Ne3 Bh5 14. Qe2 Ng6 15. Nf5
Nf4 16. Qe3 Ra8 17. N3h4 Kh7 18. Rfe1 Rg8 19. Kh1 Ng4 20. Qg3 Qf8 21. h3 Nf6
22. Nf3 Qe8 23. Qh4 g5 24. Qg3 g4 25. N3h4 gxh3 26. Qh2 hxg2+ 27. Kg1 Bg4 28.
Nxg2 Bxf5 29. exf5 Rxg2+ 30. Qxg2 Nxg2 31. Kxg2 Qc6+ 32. f3 Re8 33. d4 Qxc4 34.
Rac1 Rg8+ 35. Kf2 exd4 36. cxd4 Qxd4+ 37. Re3 Qh4+ 38. Ke2 Rg2+ 39. Kd3 Qf2 40.
Rce1 Qc2+ 41. Kd4 Rd2+ 42. Rd3 Rxd3# 0-1

[Event "Campionatul National de sah al Romaniei"]
[Site "Baile Felix"]
[Date "2017.02.03"]
[Round "2.3"]
[White "Fileru, Maria"]
[Black "Salajan, Stefania"]
[Result "0-1"]
[WhiteElo "1314"]
[BlackElo "1205"]
[PlyCount "78"]
[EventDate "2017.02.02"]
[EventRounds "9"]

1. d4 Nf6 2. c4 Nc6 3. Nc3 e5 4. d5 Ne7 5. e4 Ng6 6. f3 Bb4 7. Nh3 d6 8. Nf2 b6
9. Be2 Bc5 10. O-O O-O 11. a3 a5 12. Kh1 Bxf2 13. Rxf2 Nh5 14. Be3 Nhf4 15. Rb1
f5 16. b4 axb4 17. axb4 Nh5 18. Rf1 Ngf4 19. Bd3 Qh4 20. Bf2 Qg5 21. g3 Nh3 22.
exf5 Rf6 23. Ne4 Qh6 24. Nxf6+ gxf6 25. g4 N5f4 26. Be4 Ra2 27. Qe1 Re2 28.
Qxe2 Nxe2 29. Bd3 Nc3 30. Ra1 Qd2 31. Kg2 Nf4+ 32. Kg3 Nxd3 33. Ra8 Ne2+ 34.
Kg2 Nef4+ 35. Kg3 Qe2 36. Raa1 h5 37. h3 h4+ 38. Kxh4 Nxf2 39. c5 Qxf3 0-1

[Event "Campionatul National de sah al Romaniei"]
[Site "Baile Felix"]
[Date "2017.02.02"]
[Round "1.4"]
[White "Pufleni, Maria"]
[Black "Fileru, Maria"]
[Result "0-1"]
[WhiteElo "1135"]
[BlackElo "1314"]
[PlyCount "32"]
[EventDate "2017.02.02"]
[EventRounds "9"]

1. e4 e5 2. Nf3 Nc6 3. Bc4 Bc5 4. Nc3 Nf6 5. d3 d6 6. Bg5 Bg4 7. Nd5 Nd4 8. O-O
c6 9. Nxf6+ gxf6 10. Bh6 Qd7 11. c3 Nxf3+ 12. gxf3 Bh3 13. Qd2 Rg8+ 14. Kh1
Bg2+ 15. Kg1 Bxf3+ 16. Bg5 Qg4# 0-1

[Event "Campionatul National de sah al Romaniei"]
[Site "Caciulata"]
[Date "2016.04.25"]
[Round "9.1"]
[White "Fileru, Maria"]
[Black "Puia, Alexia-Teodora"]
[Result "0-1"]
[WhiteElo "1298"]
[BlackElo "1214"]
[PlyCount "76"]
[EventDate "2016.04.18"]
[EventRounds "9"]

1. d4 Nf6 2. c4 e6 3. Nc3 Bb4 4. f3 d5 5. a3 Bxc3+ 6. bxc3 O-O 7. cxd5 Nxd5 8.
Bd2 Qh4+ 9. g3 Qf6 10. e4 Nb6 11. e5 Qe7 12. Bd3 Rd8 13. Ne2 c5 14. Qc2 h6 15.
f4 Nc6 16. Be3 Nd5 17. Bf2 cxd4 18. cxd4 Bd7 19. O-O Rac8 20. Nc3 Nxc3 21. Qxc3
Nxe5 22. Qb3 Nf3+ 23. Kg2 Nd2 24. Bh7+ Kh8 25. Qd3 Bc6+ 26. Kh3 Nxf1 27. Rxf1
f5 28. Bg6 Qd7 29. Qb3 Bd5 30. Qb4 Rc4 31. Qa5 Ra4 32. Qc3 Rc8 33. Qb2 Qc6 34.
Rg1 Rc4 35. Qd2 Qd6 36. Qa5 Rc2 37. Be1 Qc6 38. Kh4 Rxh2# 0-1

[Event "Campionatul National de sah al Romaniei"]
[Site "Caciulata"]
[Date "2016.04.24"]
[Round "8.2"]
[White "Schiopu, Oana-Magdalena"]
[Black "Fileru, Maria"]
[Result "1/2-1/2"]
[WhiteElo "1420"]
[BlackElo "1298"]
[PlyCount "65"]
[EventDate "2016.04.18"]
[EventRounds "9"]

1. e4 e5 2. Nf3 Nc6 3. Bc4 Bc5 4. O-O d6 5. c3 Nf6 6. d3 Bg4 7. b4 Bb6 8. Bg5
h6 9. Bh4 g5 10. Bg3 h5 11. h3 h4 12. Bh2 Bh5 13. Nbd2 Qd7 14. a4 a6 15. a5 Ba7
16. Rc1 Rg8 17. Bb3 g4 18. hxg4 Qxg4 19. Ne1 Qh3 20. Ndf3 Rxg2+ 21. Kh1 Rxh2+
22. Nxh2 Bxd1 23. Rxd1 Ng4 24. Nef3 Bxf2 25. Bxf7+ Ke7 26. Be6 Qg3 27. Bxg4 Rg8
28. Rd2 Rxg4 29. Rdxf2 Rf4 30. Rg2 Qh3 31. Rg7+ Kd8 32. Rg8+ Kd7 33. Rg2
1/2-1/2

[Event "Campionatul National de sah al Romaniei"]
[Site "Caciulata"]
[Date "2016.04.23"]
[Round "7.2"]
[White "Fileru, Maria"]
[Black "Tudor, Alina-Maria"]
[Result "1-0"]
[WhiteElo "1298"]
[BlackElo "1356"]
[PlyCount "65"]
[EventDate "2016.04.18"]
[EventRounds "9"]

1. d4 d5 2. c4 e6 3. Nc3 Nf6 4. cxd5 exd5 5. Bg5 Be7 6. e3 O-O 7. Bd3 c6 8. Nf3
Nbd7 9. Qc2 b6 10. O-O h6 11. Bh4 Bb7 12. Rad1 Re8 13. Bf5 a5 14. Ne5 b5 15. f4
b4 16. Na4 Qc7 17. b3 Bd6 18. Rf3 Rab8 19. Qe2 Ra8 20. Bxd7 Nxd7 21. Nxd7 Ba6
22. Qf2 Qxd7 23. Nb6 Qc7 24. Nxa8 Rxa8 25. Re1 Bd3 26. Qg3 g5 27. Bxg5 hxg5 28.
Qxg5+ Kf8 29. Rh3 Ke8 30. Rh8+ Bf8 31. Qh6 Qe7 32. Qxc6+ Kd8 33. Qxa8+ 1-0

[Event "Campionatul National de sah al Romaniei"]
[Site "Caciulata"]
[Date "2016.04.22"]
[Round "6.1"]
[White "Fileru, Maria"]
[Black "Angheluta, Diana"]
[Result "1-0"]
[WhiteElo "1298"]
[BlackElo "1300"]
[PlyCount "63"]
[EventDate "2016.04.18"]
[EventRounds "9"]

1. d4 Nf6 2. c4 e6 3. Nc3 Bb4 4. f3 c5 5. e3 Bxc3+ 6. bxc3 Nc6 7. Bd3 d6 8. Ne2
O-O 9. O-O e5 10. d5 Na5 11. e4 b6 12. Ng3 Ba6 13. Qe2 Qd7 14. a4 Qc7 15. Bg5
Nd7 16. Nf5 f6 17. Bh4 Rfe8 18. Rf2 Nf8 19. Bg3 Ng6 20. f4 Rf8 21. Ne3 Qd7 22.
f5 Ne7 23. Bh4 Nb3 24. Ra3 Na5 25. Rf3 Rf7 26. Rg3 Nc8 27. Ng4 Kh8 28. Ne3 Ne7
29. Rh3 Rg8 30. Qh5 g6 31. Bxf6+ Rfg7 32. Qxh7# 1-0

[Event "Campionatul National de sah al Romaniei"]
[Site "Caciulata"]
[Date "2016.04.21"]
[Round "4.3"]
[White "Fileru, Maria"]
[Black "Chicarosie, Ioana Bianca"]
[Result "1-0"]
[WhiteElo "1298"]
[BlackElo "1279"]
[PlyCount "71"]
[EventDate "2016.04.18"]
[EventRounds "9"]

1. d4 Nf6 2. Nc3 e6 3. e3 d5 4. f3 Bb4 5. a3 Bxc3+ 6. bxc3 O-O 7. Bd3 b6 8. Ne2
Bb7 9. O-O c5 10. c4 Nbd7 11. cxd5 exd5 12. c3 Qc7 13. Ng3 Rfe8 14. Re1 Re7 15.
e4 dxe4 16. fxe4 cxd4 17. cxd4 Rae8 18. e5 Qc6 19. Qd2 Nd5 20. Bb2 b5 21. Be4
f6 22. Rac1 Qb6 23. Nf5 Re6 24. Nd6 Rf8 25. Bxd5 Bxd5 26. Kh1 fxe5 27. dxe5 Bc6
28. Bd4 Qa6 29. Qa2 Nc5 30. Rxc5 Bd7 31. Rc7 Kh8 32. Rxd7 Rg6 33. Nf7+ Kg8 34.
Nh6+ Kh8 35. Qg8+ Rxg8 36. Nf7# 1-0

[Event "Campionatul National de sah al Romaniei"]
[Site "Caciulata"]
[Date "2016.04.21"]
[Round "5.1"]
[White "Spiridon, Anisia"]
[Black "Fileru, Maria"]
[Result "1/2-1/2"]
[WhiteElo "1477"]
[BlackElo "1298"]
[PlyCount "148"]
[EventDate "2016.04.18"]
[EventRounds "9"]

1. d4 d5 2. c4 e6 3. Nc3 Nf6 4. cxd5 exd5 5. Bg5 Be7 6. Qc2 O-O 7. e3 Nbd7 8.
Bd3 Re8 9. Nf3 Nf8 10. O-O Ng6 11. Rab1 a5 12. a3 Bg4 13. Nd2 Nd7 14. Bxe7 Nxe7
15. Bxh7+ Kh8 16. Bd3 Nf8 17. Be2 Bf5 18. Bd3 Bg4 19. b4 a4 20. Nxa4 Qd6 21.
Nc3 Rxa3 22. Nb5 Qa6 23. Nxa3 Qxa3 24. Rb3 Qa4 25. Qxc7 Qa2 26. Qc2 Qa4 27. Rb2
Qd7 28. f3 Bf5 29. Bxf5 Nxf5 30. Re1 Nxd4 31. Qd3 Nb5 32. e4 d4 33. Nb3 b6 34.
f4 Kg8 35. Qh3 Qc7 36. Qd3 Qd7 37. Rd2 Rd8 38. g3 Ne6 39. f5 Nf8 40. Kg2 Kh8
41. Red1 Nc3 42. Re1 Nb5 43. Kf2 Kh7 44. e5 Kg8 45. g4 Qd5 46. Re4 Re8 47. Nxd4
Nd6 48. Ree2 Nc4 49. Rc2 Nxe5 50. Qe4 Qxe4 51. Rxe4 Nd3+ 52. Ke3 Rxe4+ 53. Kxe4
Nxb4 54. Rb2 Na6 55. Rxb6 Nd7 56. Rd6 Nf6+ 57. Kf4 Nc5 58. Rd8+ Kh7 59. g5 Nfd7
60. Kg4 Ne5+ 61. Kg3 Nc4 62. h4 Ne4+ 63. Kf4 Ncd6 64. h5 g6 65. hxg6+ fxg6 66.
f6 Nf7 67. Rd7 Nexg5 68. Nf3 Ne6+ 69. Kg4 Kg8 70. Nd4 Ne5+ 71. Kg3 Nxd7 72.
Nxe6 Kf7 73. Nf4 Kxf6 74. Nxg6 Kxg6 1/2-1/2

[Event "Campionatul National de sah al Romaniei"]
[Site "Caciulata"]
[Date "2016.04.20"]
[Round "3.5"]
[White "Nicoara, Iris-Maria"]
[Black "Fileru, Maria"]
[Result "0-1"]
[WhiteElo "1143"]
[BlackElo "1298"]
[PlyCount "126"]
[EventDate "2016.04.18"]
[EventRounds "9"]

1. e4 e5 2. d4 exd4 3. Qxd4 Nc6 4. Qe3 d6 5. Bd2 Be7 6. Nc3 Nf6 7. O-O-O Be6 8.
Bb5 a6 9. Bd3 O-O 10. Qg3 Kh8 11. Nce2 Bxa2 12. b3 d5 13. Kb2 Bxb3 14. cxb3
dxe4 15. Bc2 Qd6 16. Qxd6 cxd6 17. Bg5 Rfd8 18. Bxf6 Bxf6+ 19. Ka3 d5 20. Nf4
Nd4 21. Bb1 b5 22. h4 a5 23. g4 Be5 24. Nge2 a4 25. b4 Rac8 26. Nxd4 Bxf4 27.
Nxb5 Ra8 28. Bc2 e3 29. fxe3 Bxe3 30. Bxa4 d4 31. Rde1 g6 32. Rhf1 Kg7 33. h5
g5 34. Rf5 h6 35. Nc7 Ra7 36. Nd5 Rda8 37. Nxe3 Rxa4+ 38. Kb3 dxe3 39. Rxe3
Ra3+ 40. Kc4 Rxe3 41. b5 Re6 42. Rc5 Rb8 43. Rc6 Re4+ 44. Kc5 Re5+ 45. Kb4
Rbxb5+ 46. Kc4 Ra5 47. Kd4 Reb5 48. Kc4 Rb8 49. Kd4 Ra4+ 50. Ke5 f6+ 51. Kd6
Rxg4 52. Ke6 Re4+ 53. Kd6 Rbe8 54. Kc7 g4 55. Kb6 g3 56. Kb5 g2 57. Rc1 Re1 58.
Rxe1 Rxe1 59. Kb6 g1=Q+ 60. Kc6 Qd4 61. Kc7 Rc1+ 62. Kb7 Qb4+ 63. Ka7 Ra1# 0-1

[Event "Campionatul National de sah al Romaniei"]
[Site "Caciulata"]
[Date "2016.04.19"]
[Round "2.5"]
[White "Fileru, Maria"]
[Black "Pap, Blanca-Maria"]
[Result "1-0"]
[WhiteElo "1298"]
[BlackElo "1227"]
[PlyCount "71"]
[EventDate "2016.04.18"]
[EventRounds "9"]

1. d4 Nf6 2. c4 e6 3. Nc3 Bb4 4. f3 Bxc3+ 5. bxc3 c5 6. e3 O-O 7. Bd3 d5 8.
cxd5 exd5 9. Ne2 c4 10. Bc2 Nc6 11. Ng3 Qa5 12. Bd2 b5 13. O-O b4 14. cxb4 Nxb4
15. a3 Qc7 16. Bxb4 Re8 17. Re1 c3 18. Qd3 a5 19. Bc5 Ba6 20. Qf5 Qc6 21. Nh5
g6 22. Qxf6 Qxf6 23. Nxf6+ Kh8 24. Nxe8 Rxe8 25. Bb6 Rb8 26. Bxa5 Rb2 27. Ba4
c2 28. Bxc2 Rxc2 29. Bd8 Kg7 30. h3 Rc8 31. Bh4 f5 32. Rac1 Ra8 33. Rc7+ Kh6
34. f4 Bd3 35. Bg5+ Kh5 36. Rxh7# 1-0

[Event "Campionatul National de sah al Romaniei"]
[Site "Caciulata"]
[Date "2016.04.18"]
[Round "1.5"]
[White "Jurkovschi, Aida-Maria"]
[Black "Fileru, Maria"]
[Result "0-1"]
[WhiteElo "1044"]
[BlackElo "1298"]
[PlyCount "58"]
[EventDate "2016.04.18"]
[EventRounds "9"]

1. e4 e5 2. Nf3 Nc6 3. Bc4 Bc5 4. d3 Nf6 5. O-O d6 6. h3 h6 7. c3 a6 8. d4 Ba7
9. dxe5 Nxe4 10. Qd5 Be6 11. Qxe4 d5 12. Qf4 dxc4 13. Qg3 g5 14. Nbd2 Qe7 15.
Ne4 O-O-O 16. b3 Rd3 17. b4 Nb8 18. Ba3 Qd8 19. Rab1 Rg8 20. Rfc1 g4 21. hxg4
Rxg4 22. Qh3 Rxe4 23. Qxh6 Rg4 24. Ng5 Rxg5 25. Qh2 Bh3 26. g3 Rgxg3+ 27. Kh1
Qd5+ 28. f3 Qxf3+ 29. Qg2 Qxg2# 0-1

[Event "Campionatul National de sah al Romaniei"]
[Site "Calimanesti-Caciulata"]
[Date "2015.04.06"]
[Round "9.2"]
[White "Fileru, Maria"]
[Black "Ioitescu, Maria-Roxana"]
[Result "1-0"]
[WhiteElo "1334"]
[BlackElo "1064"]
[PlyCount "57"]
[EventDate "2015.03.30"]
[EventRounds "5"]

1. d4 d5 2. c4 e6 3. a3 Nf6 4. Bg5 h6 5. Bh4 Bd6 6. Nf3 O-O 7. Nc3 Nbd7 8. e4
dxe4 9. Nxe4 Be7 10. Bd3 Nxe4 11. Bxe7 Qxe7 12. Bxe4 Nb6 13. Bc2 Nxc4 14. Qd3
g6 15. Qxc4 a6 16. O-O Bd7 17. Rfe1 b5 18. Qe2 Rfe8 19. Qd2 Rab8 20. Qxh6 c6
21. Ne5 Rbc8 22. b4 Rc7 23. Re3 Qf8 24. Qh4 Qe7 25. Qg5 Rb7 26. Rh3 Kg7 27.
Nxg6 fxg6 28. Qxg6+ Kf8 29. Rh8# 1-0

[Event "Campionatul National de sah al Romaniei"]
[Site "Calimanesti-Caciulata"]
[Date "2015.04.05"]
[Round "8.3"]
[White "Salajan, Stefania"]
[Black "Fileru, Maria"]
[Result "0-1"]
[WhiteElo "1268"]
[BlackElo "1334"]
[PlyCount "120"]
[EventDate "2015.03.30"]
[EventRounds "5"]

1. e4 e5 2. Nf3 Nc6 3. Bc4 Bc5 4. d3 h6 5. Bb3 Nf6 6. Nbd2 O-O 7. Nf1 d6 8. c3
Bg4 9. h3 Bh5 10. Ng3 a5 11. Rb1 b5 12. O-O b4 13. Bd2 Ne7 14. Qc1 Kh7 15. Nh4
c6 16. Nhf5 Nxf5 17. Nxf5 Ng8 18. Be3 Be2 19. Re1 Bxd3 20. Bc2 Bc4 21. Qd2 Bxa2
22. Ra1 bxc3 23. bxc3 Bc4 24. Bxc5 dxc5 25. Qe3 g6 26. Ng3 Qe7 27. Ba4 Bb5 28.
Bd1 Rfd8 29. Qf3 Rd3 30. Qe2 Rxg3 31. Qd2 Rd3 32. Qc1 Nf6 33. Be2 Rd7 34. Bd1
Ba6 35. Re3 Rad8 36. Re1 Bd3 37. f3 Ra8 38. Ra2 Bc4 39. Ra1 Bb5 40. f4 Bd3 41.
Bf3 Bb5 42. f5 a4 43. fxg6+ fxg6 44. c4 Ba6 45. g4 Rd3 46. Be2 Rxh3 47. Ra3
Rxa3 48. Qxa3 Nxe4 49. Qe3 Qh4 50. Bd3 Ng5 51. Qxe5 Nf3+ 52. Kg2 Nxe5 53. Rxe5
Qxg4+ 54. Kh1 Qf3+ 55. Kh2 Qxd3 56. Re7+ Kg8 57. Kg2 Rf8 58. Rc7 Qf1+ 59. Kh2
Rf3 60. Rxc6 Rh3# 0-1

[Event "Campionatul National de sah al Romaniei"]
[Site "Calimanesti-Caciulata"]
[Date "2015.04.04"]
[Round "7.2"]
[White "Fileru, Maria"]
[Black "Ciocan, Ariana-Roxana"]
[Result "1/2-1/2"]
[WhiteElo "1334"]
[BlackElo "1222"]
[PlyCount "53"]
[EventDate "2015.03.30"]
[EventRounds "5"]

1. d4 d5 2. c4 e5 3. dxe5 d4 4. Nf3 Nc6 5. Bf4 Bf5 6. a3 Nge7 7. Nbd2 Ng6 8. e4
Bg4 9. Bg3 Ncxe5 10. Qb3 Bd6 11. c5 Bxf3 12. Bxe5 Nxe5 13. Nxf3 Nxf3+ 14. Qxf3
Bxc5 15. b4 Bb6 16. Bc4 O-O 17. O-O c6 18. Rfd1 Qe7 19. Rab1 a6 20. a4 c5 21.
Qa3 Rac8 22. Bd5 Qf6 23. Qg3 c4 24. a5 Bc7 25. Qa3 Qe5 26. g3 Bd6 27. Qb2
1/2-1/2

[Event "Campionatul National de sah al Romaniei"]
[Site "Calimanesti-Caciulata"]
[Date "2015.04.03"]
[Round "6.2"]
[White "Preda, Alessia-Elena"]
[Black "Fileru, Maria"]
[Result "0-1"]
[WhiteElo "1099"]
[BlackElo "1334"]
[PlyCount "100"]
[EventDate "2015.03.30"]
[EventRounds "5"]

1. e4 e5 2. Nf3 Nc6 3. d4 exd4 4. Nxd4 Bc5 5. Be3 Qf6 6. c3 Nge7 7. Bc4 Qe5 8.
Nxc6 bxc6 9. Bxc5 Qxc5 10. O-O Qxc4 11. Nd2 Qe6 12. Qf3 O-O 13. Qg3 Ba6 14.
Rfe1 d6 15. Re3 Qh6 16. Rae1 f5 17. f4 Rae8 18. e5 d5 19. e6 Bc8 20. R1e2 Rf6
21. Qe1 Qxf4 22. b3 Qd6 23. c4 Qc5 24. g3 Rxe6 25. Kh1 Rxe3 26. Rxe3 Qd6 27.
cxd5 cxd5 28. Nf3 Bb7 29. Nh4 d4+ 30. Kg1 dxe3 31. Qxe3 Qc6 32. Nf3 Qxf3 33.
Qxf3 Bxf3 34. Kf2 Be4 35. Ke3 Nd5+ 36. Kd4 Re6 37. a3 Kf7 38. b4 a5 39. bxa5
Ra6 40. Kc4 Rxa5 41. Kb3 Ke6 42. h3 c5 43. g4 f4 44. Kb2 c4 45. Kc1 Rxa3 46.
Kd1 Ra2 47. Ke1 Bg2 48. h4 Nb4 49. h5 Nd3+ 50. Kd1 Bf3# 0-1

[Event "Campionatul National de sah al Romaniei"]
[Site "Calimanesti-Caciulata"]
[Date "2015.04.02"]
[Round "4.1"]
[White "Chicarosie, Ioana Bianca"]
[Black "Fileru, Maria"]
[Result "1-0"]
[WhiteElo "1345"]
[BlackElo "1334"]
[PlyCount "142"]
[EventDate "2015.03.30"]
[EventRounds "5"]

1. e4 e5 2. Nf3 Nc6 3. Bc4 Bc5 4. d3 h6 5. c3 Nf6 6. b4 Bb6 7. O-O O-O 8. a4 a6
9. a5 Ba7 10. Be3 Ng4 11. Bxa7 Rxa7 12. h3 Nf6 13. Nbd2 Re8 14. Qb3 Qe7 15. Ra2
d6 16. Rfa1 Be6 17. Bxe6 fxe6 18. d4 Kh8 19. Re1 Qf7 20. dxe5 Nh5 21. Nf1 Qg6
22. exd6 Nf4 23. Ng3 cxd6 24. Kh2 Qf7 25. Rd2 Rd8 26. Red1 Qe7 27. Kh1 Raa8 28.
Ne2 e5 29. Ng3 Rd7 30. Nf5 Qf8 31. Nxd6 Rad8 32. Nc4 Rd3 33. Rxd3 Nxd3 34. Kg1
Qf7 35. Kf1 Qf4 36. Kg1 Qxe4 37. Ncd2 Qe2 38. Rf1 Rf8 39. Qd1 Qxd1 40. Rxd1 Nb2
41. Rb1 Na4 42. Ne4 Rf4 43. Nfd2 Ne7 44. g3 Rf7 45. Rd1 Nd5 46. Nb1 Rc7 47.
Rxd5 Re7 48. Kf1 Kg8 49. Ke2 Kf7 50. g4 Ke6 51. Rd6+ Kf7 52. Kd2 Nb2 53. Na3
Rc7 54. Nc5 Ke7 55. Re6+ Kf7 56. Kc2 Na4 57. Rxe5 Kf6 58. f4 g5 59. Rf5+ Kg6
60. Nxa4 gxf4 61. Rxf4 Kg5 62. Rf5+ Kg6 63. Nb6 Rc6 64. Nac4 Re6 65. Nd5 Re2+
66. Kd3 Rh2 67. Kd4 Rxh3 68. Nf4+ Kg7 69. Ne5 h5 70. Ne6+ Kh7 71. Rg5 Kh6 1-0

[Event "Campionatul National de sah al Romaniei"]
[Site "Calimanesti-Caciulata"]
[Date "2015.04.02"]
[Round "5.2"]
[White "Fileru, Maria"]
[Black "Barbu, Timea-Alexandra"]
[Result "1-0"]
[WhiteElo "1334"]
[BlackElo "1026"]
[PlyCount "65"]
[EventDate "2015.03.30"]
[EventRounds "5"]

1. d4 d5 2. c4 e6 3. Nf3 Nc6 4. Nc3 Nf6 5. Bg5 Be7 6. a3 Bd7 7. c5 h6 8. Bh4
Ne4 9. Bxe7 Kxe7 10. e3 Ke8 11. Qd3 Nf6 12. Be2 Qe7 13. O-O e5 14. Nb5 Bg4 15.
Qd2 e4 16. Nh4 Bh5 17. Nf5 Qd7 18. Nxg7+ Kf8 19. Nxh5 Nxh5 20. Bxh5 a6 21. Nc3
Qf5 22. Be2 Qg5 23. f4 Qg6 24. Nxd5 Rg8 25. Bd1 Rc8 26. Bc2 Qf5 27. Bxe4 Qxe4
28. Nf6 Qg6 29. Nxg8 Qxg8 30. b4 b5 31. Rf3 Qg4 32. Rg3 Qh5 33. Qd3 1-0

[Event "Campionatul National de sah al Romaniei"]
[Site "Calimanesti-Caciulata"]
[Date "2015.04.01"]
[Round "3.2"]
[White "Fileru, Maria"]
[Black "Maria, Lia-Alexandra"]
[Result "1-0"]
[WhiteElo "1334"]
[BlackElo "1198"]
[PlyCount "70"]
[EventDate "2015.03.30"]
[EventRounds "5"]

1. d4 d5 2. c4 c6 3. Nf3 Nf6 4. Bg5 a6 5. a4 Bf5 6. Nc3 e6 7. Qb3 Qc7 8. Bxf6
gxf6 9. c5 Nd7 10. a5 O-O-O 11. e3 Rg8 12. Ra4 Be7 13. Qa3 Bc2 14. b3 e5 15.
Kd2 Bf5 16. g3 Bg4 17. Bg2 e4 18. Ne1 Bh5 19. b4 Qb8 20. Bh3 h6 21. Ng2 Bg6 22.
Nf4 Bh7 23. Ncxd5 cxd5 24. Nxd5 Bf8 25. Nxf6 Rg7 26. Nxd7 Rxd7 27. Bxd7+ Kxd7
28. Qb3 Kc8 29. Rc1 Qc7 30. d5 Kb8 31. c6 Bd6 32. cxb7 Qxb7 33. Rc6 Be7 34. Rb6
Qxb6 35. axb6 Kb7 1-0

[Event "Campionatul National de sah al Romaniei"]
[Site "Calimanesti-Caciulata"]
[Date "2015.03.31"]
[Round "2.2"]
[White "Pap, Blanca-Maria"]
[Black "Fileru, Maria"]
[Result "0-1"]
[WhiteElo "1055"]
[BlackElo "1334"]
[PlyCount "114"]
[EventDate "2015.03.30"]
[EventRounds "5"]

1. e4 e5 2. Nf3 Nc6 3. Bc4 Bc5 4. c3 Qf6 5. d4 exd4 6. cxd4 Bxd4 7. Nxd4 Qxd4
8. Qxd4 Nxd4 9. Na3 b6 10. Bd5 c6 11. Bb3 Ba6 12. Be3 Ne6 13. Bxe6 fxe6 14. Rd1
Rd8 15. Bg5 Rc8 16. f3 Rc7 17. Bf4 Rb7 18. Kf2 Nf6 19. Be5 O-O 20. Bd6 Rf7 21.
h4 Nxe4+ 22. Ke3 Nf6 23. Be5 d5 24. Bxf6 Rxf6 25. g4 e5 26. g5 d4+ 27. Ke4 Re6
28. Kf5 Kf7 29. h5 g6+ 30. hxg6+ hxg6+ 31. Ke4 Kg8 32. f4 Rf7 33. fxe5 Rfe7 34.
Kxd4 Bb7 35. Nc4 c5+ 36. Kc3 Bxh1 37. Rxh1 b5 38. Na5 Rxe5 39. Nc6 Re3+ 40. Kd2
R7e4 41. Rh2 Rg3 42. Nxa7 Ra4 43. Nxb5 Rxa2 44. Kc1 c4 45. Nc3 Rxc3+ 46. bxc3
Rxh2 47. Kd1 Kf7 48. Ke1 Ke6 49. Kf1 Kf5 50. Kg1 Ra2 51. Kf1 Kf4 52. Ke1 Ke3
53. Kd1 Rh2 54. Kc1 Kd3 55. Kb1 Kxc3 56. Ka1 Kb3 57. Kb1 Rh1# 0-1

[Event "Campionatul National de sah al Romaniei"]
[Site "Calimanesti-Caciulata"]
[Date "2015.03.30"]
[Round "1.2"]
[White "Fileru, Maria"]
[Black "Brebenel, Ioana-Miruna"]
[Result "1-0"]
[WhiteElo "1334"]
[BlackElo "1001"]
[PlyCount "47"]
[EventDate "2015.03.30"]
[EventRounds "5"]

1. d4 d5 2. c4 c6 3. Nc3 Nf6 4. Nf3 Nbd7 5. g3 e6 6. a3 Be7 7. Bg5 O-O 8. Bg2
h6 9. Bf4 b6 10. O-O Ba6 11. cxd5 exd5 12. Qc1 Re8 13. Re1 g5 14. Bxg5 hxg5 15.
Qxg5+ Kh8 16. Ne5 Nxe5 17. dxe5 Nd7 18. Qh5+ Kg8 19. e4 d4 20. e6 fxe6 21. Qg6+
Kf8 22. Qh6+ Kf7 23. Bh3 dxc3 24. Bxe6# 1-0

[Event "Calimanesti ROM, Ch U8 (g) 2014"]
[Site "Calimanesti ROM"]
[Date "2014.04.13"]
[Round "9.3"]
[White "Schiopu, Oana-Magdalena"]
[Black "Fileru, Maria"]
[Result "0-1"]
[WhiteElo "1140"]
[BlackElo "1122"]
[PlyCount "82"]
[EventDate "2014.04.06"]
[EventType "swiss"]
[EventRounds "9"]
[EventCountry "ROM"]

1. e4 e5 2. Nf3 Nc6 3. Bc4 Bc5 4. Nc3 d6 5. d3 h6 6. h3 Nf6 7. a3 O-O 8. b4 Bd4
9. Nxd4 Nxd4 10. Be3 Bd7 11. O-O a6 12. Qd2 b5 13. Ba2 Bxh3 14. gxh3 Nf3+ 15.
Kh1 Nxd2 16. Bxd2 Qd7 17. Kh2 c6 18. Rg1 Kh7 19. Rg2 g6 20. Rag1 d5 21. f4 exf4
22. Bxf4 Rg8 23. Be5 Qe6 24. Bf4 Qd7 25. e5 Nh5 26. Be3 d4 27. Re2 dxe3 28.
Rxe3 Qd4 29. Nd1 Qf4+ 30. Kh1 Rg7 31. Rg4 Qf5 32. Rg2 Re8 33. Rf2 Qd7 34. Ref3
Re7 35. Re2 g5 36. Rff2 Ng3+ 37. Kg2 Nxe2 38. Rxe2 Qc8 39. c3 g4 40. hxg4 Qxg4+
41. Kh1 Qg1# 0-1